[Event "Oberfranken Senioren-EM2009 26th"]
[Site "Bischofsgrün (5.6.-13.6)"]
[Date "2009.06.11"]
[Round "7.8"]
[White "Huhn, Ulrich"]
[Black "Tunka, Josef"]
[Result "1-0"]
[WhiteElo "1860"]
[BlackElo "1664"]
[PlyCount "135"]
[EventDate "2009.06.??"]
[EventType "swiss"]
[EventRounds "9"]
[WhiteTeam "Berlin-Lasker-Steglitz SG"]
[BlackTeam "Lingen SV"]

1. d4 Nf6 2. Nc3 d5 3. Bg5 Nbd7 4. f3 h6 5. Bh4 c6 6. e4 e6 7. Qd2 Qa5 8. Bd3
Bb4 9. a3 c5 10. e5 Ng8 11. Bb5 Bxc3 12. Bxd7+ Bxd7 13. Qxc3 Qxc3+ 14. bxc3 c4
15. Rb1 b6 16. Ne2 g5 17. Bf2 Ne7 18. h4 O-O-O 19. Be3 Nf5 20. Bf2 Ng7 21. Kd2
Rdf8 22. Rh3 f5 23. exf6 Ne8 24. f7 Nd6 25. hxg5 hxg5 26. Rxh8 Rxh8 27. f8=Q+
Rxf8 28. Rh1 g4 29. Bg3 Nf5 30. Be5 gxf3 31. gxf3 Rf7 32. Rh8+ Kb7 33. Nf4 Ne7
34. Ke3 Nc6 35. Ng6 Ne7 36. Nf8 Bc8 37. Nh7 Ng6 38. Rg8 Nxe5 39. Ng5 Rf5 40.
dxe5 Rxe5+ 41. Kd2 Bd7 42. f4 Rf5 43. Rg7 Kc8 44. Rg8+ Kc7 45. Rg7 e5 46. fxe5
Rxe5 47. Nf3 Rf5 48. Nd4 Rf6 49. Kc1 Kd6 50. Kb2 a5 51. Rg8 Kc7 52. Rg7 Kd6 53.
Rg1 Ba4 54. Rg8 Bd7 55. Ra8 Kc7 56. Ra7+ Kc8 57. Kc1 Rd6 58. Ra8+ Kb7 59. Rh8
Ka6 60. Kd2 Rf6 61. Ke3 Kb7 62. Rh7 Kc8 63. Rh5 Rd6 64. Kf4 Kc7 65. Rh7 Rg6 66.
Ke5 Rg3 67. Kxd5 Rxc3 68. Nb5+ 1-0

[Event "Oberfranken Senioren-EM2009 26th"]
[Site "Bischofsgrün (5.6.-13.6)"]
[Date "2009.06.11"]
[Round "7.9"]
[White "Klein, Reinhard(53)"]
[Black "Barlo, Werner"]
[Result "0-1"]
[WhiteElo "1686"]
[BlackElo "1778"]
[PlyCount "112"]
[EventDate "2009.06.??"]
[EventType "swiss"]
[EventRounds "9"]
[WhiteTeam "München-RTA SC"]
[BlackTeam "Berlin-Zehlendorf SK"]

1. d4 Nf6 2. Nf3 e6 3. Bf4 d5 4. e3 c5 5. c3 cxd4 6. exd4 Be7 7. Bd3 O-O 8.
Nbd2 Nc6 9. Ne5 Nxe5 10. dxe5 Ne8 11. Qf3 Bg5 12. Bxh7+ Kxh7 13. Qh5+ Bh6 14.
h4 f6 15. Nf3 Qe7 16. g4 Qf7 17. Qxf7 Rxf7 18. Bxh6 gxh6 19. Ke2 Bd7 20. Rag1
Bb5+ 21. Ke3 Rg7 22. g5 fxe5 23. Nxe5 Nd6 24. g6+ Kh8 25. f4 Nc4+ 26. Kd4 Nxe5
27. Kxe5 Rf8 28. Rh2 Bd7 29. Rf2 Rf5+ 30. Kd6 Kg8 31. Re1 Rf6 32. h5 Rf5 33.
Re5 Rf6 34. Kc5 Bc8 35. Kd4 Rc7 36. b3 Kg7 37. Re3 Rf5 38. Re5 Rf6 39. Re3 b6
40. Re5 a5 41. c4 dxc4 42. bxc4 Ba6 43. c5 bxc5+ 44. Rxc5 Rxc5 45. Kxc5 Rf5+
46. Kb6 Bc4 47. Rc2 Rxf4 48. Kxa5 Rf5+ 49. Kb6 Bd5 50. Rc7+ Kg8 51. a4 Rxh5 52.
a5 Rh3 53. a6 Rb3+ 54. Kc5 Rc3+ 55. Kd6 Rxc7 56. Kxc7 Kf8 0-1

[Event "Oberfranken Senioren-EM2009 26th"]
[Site "Bischofsgrün (5.6.-13.6)"]
[Date "2009.06.11"]
[Round "7.10"]
[White "Oser, Thor"]
[Black "Doerfel, Franz"]
[Result "0-1"]
[WhiteElo "1613"]
[BlackElo "1787"]
[PlyCount "76"]
[EventDate "2009.06.??"]
[EventType "swiss"]
[EventRounds "9"]
[WhiteTeam "Jöhlingen SK"]
[BlackTeam "Rehau ASV"]

1. e4 e5 2. Nf3 Nc6 3. d4 exd4 4. Bc4 Nf6 5. e5 d5 6. exf6 dxc4 7. Qe2+ Be6 8.
fxg7 Bxg7 9. Ng5 Qe7 10. Nxe6 Qxe6 11. Qxe6+ fxe6 12. Na3 Nb4 13. Bd2 c3 14.
bxc3 dxc3 15. Bg5 O-O 16. Be7 Rf4 17. O-O Nd5 18. Bg5 Ra4 19. Nb1 Rf8 20. g3
Rf5 21. Bc1 Nb4 22. Na3 Rfa5 23. Nc4 Nxc2 24. Nxa5 Nxa1 25. Nxb7 Rxa2 26. Nc5
Kf7 27. Rd1 Be5 28. Rd7+ Kg6 29. Nxe6 Nb3 30. Be3 Kf6 31. Nxc7 c2 32. Rxh7 Bd4
33. Bf4 Bxf2+ 34. Kg2 Be3 35. Nd5+ Kg6 36. Rh6+ Kg7 37. Nxe3 c1=Q+ 38. Kh3 Qc8+
0-1

[Event "Oberfranken Senioren-EM2009 26th"]
[Site "Bischofsgrün (5.6.-13.6)"]
[Date "2009.06.11"]
[Round "7.11"]
[White "Segelken, Peter(41)"]
[Black "Weidmann, Hartmut"]
[Result "1-0"]
[WhiteElo "1702"]
[BlackElo "1649"]
[PlyCount "67"]
[EventDate "2009.06.??"]
[EventType "swiss"]
[EventRounds "9"]
[WhiteTeam "Delmenhorst SK"]
[BlackTeam "Kirchenlamitz SF"]

1. e4 d5 2. exd5 Qxd5 3. Nc3 Qa5 4. d4 c6 5. Nf3 Nf6 6. Bd3 Bf5 7. O-O Bxd3 8.
Qxd3 e6 9. a3 Nbd7 10. h3 Bd6 11. Ne2 c5 12. Be3 Nd5 13. c4 Nxe3 14. fxe3 cxd4
15. exd4 Rd8 16. b4 Qh5 17. c5 Bb8 18. Rac1 O-O 19. Qe4 Qd5 20. Qh4 Qb3 21. Rc3
Qd5 22. Ng5 h6 23. Nxf7 Kh7 24. Rcf3 Rde8 25. Nc3 Qb3 26. Qe4+ Kg8 27. Qg6 Qc4
28. Nxh6+ Kh8 29. Nf7+ Rxf7 30. Qxf7 Qxd4+ 31. Kh1 Rf8 32. Qh5+ Kg8 33. Rxf8+
Nxf8 34. Qf7+ 1-0

[Event "Oberfranken Senioren-EM2009 26th"]
[Site "Bischofsgrün (5.6.-13.6)"]
[Date "2009.06.11"]
[Round "7.12"]
[White "Otto, Klaus(41)"]
[Black "Jeske, Guenter(28)"]
[Result "1/2-1/2"]
[WhiteElo "1607"]
[BlackElo "1587"]
[PlyCount "27"]
[EventDate "2009.06.??"]
[EventType "swiss"]
[EventRounds "9"]
[WhiteTeam "Triebes SV"]
[BlackTeam "Rostock-07 SSC"]

1. e4 c5 2. Nf3 Nc6 3. d4 cxd4 4. Nxd4 e6 5. a3 Be7 6. Be2 Nf6 7. Nc3 d6 8. O-O
O-O 9. Be3 Bd7 10. Qe1 Rc8 11. Rc1 a6 12. f4 Na5 13. Bd3 Qc7 14. f5 1/2-1/2

[Event "Oberfranken Senioren-EM2009 26th"]
[Site "Bischofsgrün (5.6.-13.6)"]
[Date "2009.06.11"]
[Round "7.13"]
[White "Wagner, Gerhard(50)"]
[Black "Meyer, Thomas(52)"]
[Result "1/2-1/2"]
[WhiteElo "1560"]
[BlackElo "1587"]
[PlyCount "62"]
[EventDate "2009.06.??"]
[EventType "swiss"]
[EventRounds "9"]
[WhiteTeam "Windach Spf."]
[BlackTeam "Tübingen SV"]

1. e4 c6 2. d4 d5 3. e5 Bf5 4. Nf3 e6 5. Nc3 c5 6. Bb5+ Nc6 7. O-O a6 8. Bxc6+
bxc6 9. Ne2 Bg4 10. Qd3 Bf5 11. Qd1 Bg4 12. Qd3 cxd4 13. Nexd4 Qd7 14. h3 Bh5
15. Nh2 Bg6 16. Qe2 Bc5 17. Be3 Ne7 18. c3 O-O 19. b4 Ba7 20. Nb3 Bxe3 21. Qxe3
Qc7 22. Rfe1 Nc8 23. Nf3 Nb6 24. Na5 Nd7 25. Nb3 h6 26. a4 Rfc8 27. Nc5 Nb6 28.
a5 Nd7 29. Rad1 Nxc5 30. Qxc5 Rab8 31. Nd4 Qb7 1/2-1/2

[Event "Oberfranken Senioren-EM2009 26th"]
[Site "Bischofsgrün (5.6.-13.6)"]
[Date "2009.06.11"]
[Round "7.14"]
[White "Theuermeister, Peter"]
[Black "Gehlen, Peter"]
[Result "1-0"]
[WhiteElo "1633"]
[BlackElo "1389"]
[PlyCount "71"]
[EventDate "2009.06.??"]
[EventType "swiss"]
[EventRounds "9"]
[WhiteTeam "Hof-PTSV SK"]
[BlackTeam "Untersiemau TSV"]

1. d4 d5 2. Nf3 Nf6 3. c4 e6 4. Nc3 h6 5. e3 Bb4 6. Bd2 a6 7. Bd3 Bxc3 8. Bxc3
O-O 9. O-O b6 10. cxd5 exd5 11. Rc1 Bg4 12. h3 Bh5 13. Be2 Nbd7 14. Ne1 Bxe2
15. Qxe2 Ne4 16. Bb4 Re8 17. Nd3 a5 18. Ba3 Rc8 19. Rc2 c6 20. Rfc1 Re6 21. Nf4
Rf6 22. Qg4 Ng5 23. h4 Nh7 24. b3 g6 25. Nd3 h5 26. Qg3 Re6 27. Nf4 Re4 28.
Rxc6 Rxc6 29. Rxc6 Nhf6 30. Qg5 Qe8 31. Rxf6 Nxf6 32. Qxf6 Rxe3 33. fxe3 Qxe3+
34. Kh2 Qf2 35. Bd6 b5 36. Be5 1-0

[Event "Oberfranken Senioren-EM2009 26th"]
[Site "Bischofsgrün (5.6.-13.6)"]
[Date "2009.06.11"]
[Round "7.15"]
[White "Froehling, Philippa"]
[Black "Bullock, Alfred"]
[Result "1/2-1/2"]
[WhiteElo "1259"]
[BlackElo "1403"]
[PlyCount "41"]
[EventDate "2009.06.??"]
[EventType "swiss"]
[EventRounds "9"]
[WhiteTeam "Bamberg-1868 SC"]
[BlackTeam "ENG-Poole"]
[BlackTeamCountry "ENG"]

1. Nf3 d6 2. d4 Nd7 3. g3 e5 4. dxe5 Nxe5 5. Nxe5 dxe5 6. Qxd8+ Kxd8 7. Bg2 Bd6
8. O-O Nf6 9. b3 Ke7 10. Nd2 c6 11. Bb2 Be6 12. Nc4 Bxc4 13. bxc4 Rhd8 14. a4
Nd7 15. Ba3 Bxa3 16. Rxa3 Nc5 17. e3 Rd2 18. Rc1 Rad8 19. Raa1 f5 20. Kf1 e4
21. Ke1 1/2-1/2

[Event "Oberfranken Senioren-EM2009 26th"]
[Site "Bischofsgrün (5.6.-13.6)"]
[Date "2009.06.12"]
[Round "8.1"]
[White "Jeske, Eckhard(52)"]
[Black "Romanow, Werner"]
[Result "1-0"]
[WhiteElo "2159"]
[BlackElo "1975"]
[PlyCount "123"]
[EventDate "2009.06.??"]
[EventType "swiss"]
[EventRounds "9"]
[WhiteTeam "Rostock-07 SSC"]
[BlackTeam "Merseburg SV"]

1. c4 e5 2. Nc3 Nf6 3. Nf3 Nc6 4. e3 Be7 5. d4 exd4 6. Nxd4 Nxd4 7. Qxd4 d6 8.
b3 Bd7 9. Bb2 a6 10. Be2 O-O 11. Bf3 Rb8 12. Rc1 b6 13. O-O Ne8 14. Nd5 Bf6 15.
Nxf6+ Qxf6 16. Qd2 Qg6 17. Qe2 Nf6 18. Rfd1 Bg4 19. Rd4 Bxf3 20. Qxf3 Rfe8 21.
Rf4 Re6 22. Qc6 Ne8 23. h3 Qg5 24. Qf3 Qe7 25. Rd1 c5 26. Qd5 Qb7 27. Qd3 Rd8
28. Rh4 h6 29. Rh5 Qe4 30. Qe2 Nf6 31. Bxf6 Rxf6 32. Rhd5 Qe7 33. e4 Re6 34. f3
a5 35. Qd2 f6 36. a3 Kf7 37. Qf4 Re5 38. R5d3 g5 39. Qd2 Re6 40. Rd5 Kg7 41.
Rb1 Qc7 42. Qf2 Re5 43. Rd3 Qc6 44. Rbd1 Rd7 45. Qg3 Kf7 46. Qg4 Rd8 47. h4 Kg7
48. hxg5 hxg5 49. Kf2 Qc7 50. Rh1 Qf7 51. Rhd1 Qc7 52. Qg3 Qe7 53. Rh1 Rh8 54.
Rxh8 Kxh8 55. Qh3+ Kg7 56. Rd1 Qe6 57. Qh2 g4 58. Rh1 g3+ 59. Qxg3+ Rg5 60. Qh2
Qg8 61. Qxd6 Kg6 62. f4 1-0

[Event "Oberfranken Senioren-EM2009 26th"]
[Site "Bischofsgrün (5.6.-13.6)"]
[Date "2009.06.12"]
[Round "8.2"]
[White "Josting, Friedel"]
[Black "Urytskyy, Arkadiy"]
[Result "0-1"]
[WhiteElo "1821"]
[BlackElo "2105"]
[PlyCount "120"]
[EventDate "2009.06.??"]
[EventType "swiss"]
[EventRounds "9"]
[WhiteTeam "Bünde SG"]
[BlackTeam "Kirchenlaibach TSV"]

1. d4 Nf6 2. Nf3 d6 3. Bf4 c6 4. Nbd2 g6 5. e4 Bg7 6. Bd3 O-O 7. O-O Nbd7 8. c3
Nh5 9. Be3 e5 10. Qc2 Re8 11. Rad1 Qe7 12. Rfe1 Nf8 13. dxe5 dxe5 14. Bg5 Qc7
15. Bc4 Ne6 16. g3 b5 17. Bb3 Nxg5 18. Nxg5 Re7 19. Ngf3 Bg4 20. c4 b4 21. c5
Bh6 22. Kg2 Qc8 23. Bc4 Bxd2 24. Qxd2 Nf4+ 25. gxf4 Bh3+ 26. Kh1 Qg4 27. Bf1
Qxf3+ 28. Kg1 Rd7 29. Qe2 Qxe2 30. Bxe2 exf4 31. Rxd7 Bxd7 32. Rd1 Be6 33. b3
a5 34. Rd6 a4 35. Rxc6 axb3 36. axb3 Ra3 37. Bc4 Bxc4 38. bxc4 f3 39. h3 Rc3
40. Rb6 Rxc4 41. c6 Kg7 42. c7 Rxc7 43. Rxb4 Rc3 44. Kh2 Kf6 45. h4 h5 46. Kg3
Ke5 47. Ra4 Rd3 48. Rb4 f6 49. Ra4 Rd4 50. Rxd4 Kxd4 51. Kxf3 Ke5 52. Ke3 g5
53. hxg5 fxg5 54. f3 h4 55. Kf2 Kf4 56. Kg2 h3+ 57. Kxh3 Kxf3 58. e5 g4+ 59.
Kh4 g3 60. e6 g2 0-1

[Event "Oberfranken Senioren-EM2009 26th"]
[Site "Bischofsgrün (5.6.-13.6)"]
[Date "2009.06.12"]
[Round "8.3"]
[White "Weigel, Herbert"]
[Black "Boeven, Manfred"]
[Result "1-0"]
[WhiteElo "2010"]
[BlackElo "1978"]
[PlyCount "101"]
[EventDate "2009.06.??"]
[EventType "swiss"]
[EventRounds "9"]
[WhiteTeam "Zirndorf SK"]
[BlackTeam "Geilenkirchen SF"]

1. e4 c5 2. Nf3 e6 3. d4 cxd4 4. Nxd4 Nf6 5. Nc3 Nc6 6. Ndb5 Bb4 7. a3 Bxc3+ 8.
Nxc3 d5 9. exd5 exd5 10. Bd3 Bg4 11. f3 Be6 12. O-O Qb6+ 13. Kh1 d4 14. Ne4
Nxe4 15. Bxe4 O-O 16. b3 Rad8 17. Re1 Bd5 18. Bg5 f6 19. Bh4 Bxe4 20. Rxe4 Rfe8
21. Rxe8+ Rxe8 22. Bf2 Qc5 23. Qd3 a6 24. Kg1 Rd8 25. b4 Qd5 26. Rd1 Qa2 27.
Kf1 Ne5 28. Qb3+ Qxb3 29. cxb3 Nc6 30. Ke2 Kf7 31. f4 Ke6 32. Kd3 Kd5 33. Rc1
b6 34. Rc4 b5 35. Rc5+ Kd6 36. Bg3 Rd7 37. Bf2 Kc7 38. Be1 Kb6 39. Bd2 Rd8 40.
Rc1 Kc7 41. Re1 Kd6 42. Re2 Kd5 43. Be1 g5 44. fxg5 Ne5+ 45. Kd2 fxg5 46. Bg3
Re8 47. Rf2 h6 48. Rf5 Re6 49. h3 Ke4 50. Rf2 Rc6 51. Re2+ 1-0

[Event "Oberfranken Senioren-EM2009 26th"]
[Site "Bischofsgrün (5.6.-13.6)"]
[Date "2009.06.12"]
[Round "8.4"]
[White "Kraft, Hans(32)"]
[Black "Schurig, Wilhelm"]
[Result "1/2-1/2"]
[WhiteElo "1936"]
[BlackElo "1859"]
[PlyCount "44"]
[EventDate "2009.06.??"]
[EventType "swiss"]
[EventRounds "9"]
[WhiteTeam "Zirndorf SK"]
[BlackTeam "Thiersheim SV"]

1. e4 g6 2. d4 Bg7 3. Nc3 d6 4. Nf3 a6 5. a4 b6 6. Bc4 e6 7. O-O Ne7 8. Re1 h6
9. h4 Nd7 10. Bf4 Bb7 11. Qd2 Nf6 12. Bf1 d5 13. exd5 Nexd5 14. Be5 Nxc3 15.
Qxc3 Nd5 16. Qd2 O-O 17. c4 Ne7 18. Qf4 Bxe5 19. dxe5 Nf5 20. Rad1 Qe7 21. g3
Rad8 22. Bd3 Rd7 1/2-1/2

[Event "Oberfranken Senioren-EM2009 26th"]
[Site "Bischofsgrün (5.6.-13.6)"]
[Date "2009.06.12"]
[Round "8.5"]
[White "Ragsch, Klaus"]
[Black "Schweizer, Wolfgang Dr"]
[Result "1/2-1/2"]
[WhiteElo "1813"]
[BlackElo "1908"]
[PlyCount "111"]
[EventDate "2009.06.??"]
[EventType "swiss"]
[EventRounds "9"]
[WhiteTeam "Neuss/Norf SG"]
[BlackTeam "Kulmbach SK"]

1. e4 c6 2. d4 d5 3. Nd2 dxe4 4. Nxe4 Nf6 5. Ng3 g6 6. Nf3 Bg4 7. c3 Bg7 8. Bc4
Bxf3 9. Qxf3 e6 10. O-O Nbd7 11. Re1 O-O 12. Bg5 h6 13. Bd2 Re8 14. Rad1 Nb6
15. Bb3 Qe7 16. c4 Rad8 17. Ba5 Rd7 18. Bc3 Red8 19. a4 Nc8 20. a5 a6 21. h3
Nh7 22. d5 Bxc3 23. Qxc3 c5 24. Ba4 Rc7 25. dxe6 Rxd1 26. exf7+ Kxf7 27. Rxd1
Nf6 28. Qd3 Qe5 29. Bc2 Ne7 30. Qf3 Kg7 31. Ne4 Nf5 32. Nxf6 Qxf6 33. Bxf5 Qxf5
34. Qxf5 gxf5 35. Rd6 Re7 36. Kf1 Re4 37. Rd7+ Kf6 38. Rxb7 Rxc4 39. Rb6+ Kg5
40. g3 f4 41. gxf4+ Rxf4 42. Rxa6 Ra4 43. Ra8 Kh4 44. Kg2 Ra2 45. a6 Rxb2 46.
Re8 Ra2 47. Re6 h5 48. Re4+ Kg5 49. Re5+ Kh4 50. Re6 c4 51. Rc6 c3 52. Rc4+ Kg5
53. Kg3 c2 54. Rc5+ Kg6 55. a7 Rxa7 56. Rxc2 1/2-1/2

[Event "Oberfranken Senioren-EM2009 26th"]
[Site "Bischofsgrün (5.6.-13.6)"]
[Date "2009.06.12"]
[Round "8.6"]
[White "Barlo, Werner"]
[Black "Hoellger, Herbert"]
[Result "1/2-1/2"]
[WhiteElo "1778"]
[BlackElo "1883"]
[PlyCount "74"]
[EventDate "2009.06.??"]
[EventType "swiss"]
[EventRounds "9"]
[WhiteTeam "Berlin-Zehlendorf SK"]
[BlackTeam "Bad Hersfeld SK"]

1. d4 d5 2. c4 c6 3. Nc3 Nf6 4. Nf3 dxc4 5. a4 Bf5 6. e3 e6 7. Bxc4 Bb4 8. O-O
O-O 9. Bd3 Bg4 10. h3 Bh5 11. Be2 Nbd7 12. Qc2 Rc8 13. Na2 Bd6 14. b4 e5 15.
Nxe5 Nxe5 16. Bxh5 Nxh5 17. dxe5 Bxe5 18. Bb2 Bxb2 19. Qxb2 Qe7 20. Rfd1 Nf6
21. Rac1 Rfd8 22. Qc2 h6 23. Rxd8+ Rxd8 24. Rd1 Rxd1+ 25. Qxd1 Qd7 26. Qxd7
Nxd7 27. Kf1 Kf8 28. Ke2 Ke7 29. e4 Kd6 30. f3 a6 31. Nc3 c5 32. b5 Nb6 33.
bxa6 bxa6 34. Kd3 a5 35. f4 f6 36. g3 Ke6 37. h4 h5 1/2-1/2

[Event "Oberfranken Senioren-EM2009 26th"]
[Site "Bischofsgrün (5.6.-13.6)"]
[Date "2009.06.12"]
[Round "8.7"]
[White "Tuertmann, Dieter"]
[Black "Huhn, Ulrich"]
[Result "0-1"]
[WhiteElo "1814"]
[BlackElo "1860"]
[PlyCount "86"]
[EventDate "2009.06.??"]
[EventType "swiss"]
[EventRounds "9"]
[WhiteTeam "Eberswalde-1949 ESV"]
[BlackTeam "Berlin-Lasker-Steglitz SG"]

1. Nf3 d5 2. e3 Nf6 3. d4 Bf5 4. Bd3 Bg6 5. O-O e6 6. Ne5 Nbd7 7. Nd2 Bd6 8.
Nxd7 Qxd7 9. f4 Bxd3 10. cxd3 c5 11. e4 dxe4 12. dxe4 Be7 13. d5 exd5 14. e5
Ne4 15. Nxe4 dxe4 16. Qxd7+ Kxd7 17. Be3 f5 18. exf6 gxf6 19. f5 Bd6 20. Rac1
b6 21. Rfd1 Rac8 22. Rc2 Rc6 23. Bh6 Re8 24. g4 Kc7 25. Re2 Be5 26. Rde1 Rd8
27. b3 Rd3 28. Kg2 Rcd6 29. Rxe4 Rd1 30. Rxd1 Rxd1 31. Re2 Kd6 32. Rd2+ Rxd2+
33. Bxd2 Kd5 34. h4 Ke4 35. Bh6 b5 36. Kf1 c4 37. bxc4 bxc4 38. Ke2 c3 39. Kd1
Kd3 40. Bc1 c2+ 41. Ke1 Bg3+ 42. Kf1 Bxh4 43. Kg2 Bg5 0-1

[Event "Oberfranken Senioren-EM2009 26th"]
[Site "Bischofsgrün (5.6.-13.6)"]
[Date "2009.06.12"]
[Round "8.8"]
[White "Doerfel, Franz"]
[Black "Segelken, Peter(41)"]
[Result "1-0"]
[WhiteElo "1787"]
[BlackElo "1702"]
[PlyCount "83"]
[EventDate "2009.06.??"]
[EventType "swiss"]
[EventRounds "9"]
[WhiteTeam "Rehau ASV"]
[BlackTeam "Delmenhorst SK"]

1. e4 e5 2. Nf3 Nc6 3. Bb5 a6 4. Ba4 Nf6 5. O-O d6 6. d4 b5 7. Bb3 Be7 8. Bd5
Nxd5 9. exd5 Nxd4 10. Nxd4 exd4 11. Qxd4 O-O 12. a4 Bd7 13. axb5 Bxb5 14. c4
Bf6 15. Qd3 Bd7 16. Nc3 c5 17. Ne4 Bf5 18. Nxf6+ Qxf6 19. Qd2 Qg6 20. Ra3 f6
21. Qc3 Qf7 22. Bf4 Qd7 23. Qg3 Rfd8 24. h4 Rab8 25. Rxa6 Rxb2 26. Rfa1 Rb1+
27. Rxb1 Bxb1 28. Bxd6 Qb7 29. Rc6 Bg6 30. Rxc5 Qb1+ 31. Kh2 Re8 32. Rc7 Re1
33. Rc8+ Be8 34. Qg4 Rh1+ 35. Kg3 Qd3+ 36. f3 Qe3 37. Qe4 Qxe4 38. fxe4 Kf7 39.
Rc7+ Kg6 40. Re7 Ba4 41. c5 Rc1 42. c6 1-0

[Event "Oberfranken Senioren-EM2009 26th"]
[Site "Bischofsgrün (5.6.-13.6)"]
[Date "2009.06.12"]
[Round "8.9"]
[White "Wawrinsky, Ludwig"]
[Black "Jaschke, Dieter"]
[Result "1/2-1/2"]
[WhiteElo "1723"]
[BlackElo "1773"]
[PlyCount "128"]
[EventDate "2009.06.??"]
[EventType "swiss"]
[EventRounds "9"]
[WhiteTeam "Neuperlach SK"]
[BlackTeam "Kirchenlaibach TSV"]

1. e4 c5 2. d3 Nc6 3. g3 g6 4. Bg2 Bg7 5. f4 d6 6. Nf3 Bg4 7. c3 Nf6 8. O-O O-O
9. Be3 Qd7 10. Qc2 Rac8 11. Nbd2 b6 12. Ng5 h6 13. Ngf3 e5 14. Rae1 Rfe8 15.
Qc1 d5 16. fxe5 Nxe5 17. Nxe5 Rxe5 18. Nf3 Bxf3 19. Bxf3 dxe4 20. Bxh6 Bxh6 21.
Qxh6 Ng4 22. Bxg4 Qxg4 23. Qf4 Qe6 24. b3 Re8 25. dxe4 Re7 26. Kg2 Rxe4 27.
Rxe4 Qxe4+ 28. Qxe4 Rxe4 29. Kf3 Re6 30. g4 Kg7 31. Rd1 Re7 32. h4 Kh6 33. Rd8
Kg7 34. Ra8 Kf6 35. Kf4 Kg7 36. g5 Kh7 37. a4 Kg7 38. Rd8 f5 39. gxf6+ Kxf6 40.
Rd6+ Re6 41. Rd7 a5 42. Rb7 c4 43. bxc4 Rc6 44. c5 Rxc5 45. Rxb6+ Kg7 46. Rb5
Rxc3 47. Rxa5 Rc4+ 48. Kg3 Rc3+ 49. Kf4 Rc4+ 50. Kg5 Rc7 51. h5 gxh5 52. Kxh5
Kf6 53. Kg4 Rc4+ 54. Kf3 Ke6 55. Ke3 Kd6 56. Kd3 Rc1 57. Kd4 Rc7 58. Rb5 Ra7
59. a5 Kc7 60. Kc5 Rb7 61. Rb6 Rxb6 62. axb6+ Kb7 63. Kb5 Kb8 64. Kc6 Kc8
1/2-1/2

[Event "Oberfranken Senioren-EM2009 26th"]
[Site "Bischofsgrün (5.6.-13.6)"]
[Date "2009.06.12"]
[Round "8.10"]
[White "Jeske, Guenter(28)"]
[Black "Klein, Reinhard(53)"]
[Result "1-0"]
[WhiteElo "1587"]
[BlackElo "1686"]
[PlyCount "95"]
[EventDate "2009.06.??"]
[EventType "swiss"]
[EventRounds "9"]
[WhiteTeam "Rostock-07 SSC"]
[BlackTeam "München-RTA SC"]

1. c4 c5 2. Nc3 Nf6 3. e4 Nc6 4. Nge2 d6 5. g3 Bg4 6. Bg2 Qd7 7. f3 Bh3 8. O-O
Bxg2 9. Kxg2 g6 10. d3 Bg7 11. a3 a6 12. Be3 Rb8 13. a4 h5 14. h4 Ne5 15. b3
Nc6 16. d4 cxd4 17. Nxd4 O-O 18. Qd2 Kh7 19. Nc2 Ng8 20. Rad1 Na5 21. Rb1 Nc6
22. Nd5 Qd8 23. Bb6 Qd7 24. Rbd1 Rbc8 25. Be3 Qe8 26. Qd3 Ne5 27. Qe2 e6 28.
Nf4 Qe7 29. Nh3 Nh6 30. Qd2 Nxc4 31. bxc4 Rxc4 32. Ng5+ Kh8 33. Nh3 Rfc8 34.
Ne1 Ng8 35. Bg5 f6 36. Be3 d5 37. Nf4 Qe8 38. exd5 e5 39. Ne6 Qxa4 40. d6 Qd7
41. Nxg7 Kxg7 42. f4 e4 43. Qd5 Kh7 44. f5 Nh6 45. fxg6+ Kxg6 46. Bxh6 Qg4 47.
Rd2 f5 48. Qe6+ 1-0

[Event "Oberfranken Senioren-EM2009 26th"]
[Site "Bischofsgrün (5.6.-13.6)"]
[Date "2009.06.12"]
[Round "8.11"]
[White "Tunka, Josef"]
[Black "Otto, Klaus(41)"]
[Result "0-1"]
[WhiteElo "1664"]
[BlackElo "1607"]
[PlyCount "40"]
[EventDate "2009.06.??"]
[EventType "swiss"]
[EventRounds "9"]
[WhiteTeam "Lingen SV"]
[BlackTeam "Triebes SV"]

1. c4 Nf6 2. Nc3 e6 3. e4 d6 4. g3 Be7 5. Bg2 Nc6 6. d4 O-O 7. Nge2 a6 8. O-O
h6 9. h3 Rb8 10. a4 Na7 11. Be3 Bd7 12. d5 Nc8 13. f4 c6 14. e5 dxe5 15. fxe5
Ne8 16. d6 Bg5 17. Qd2 Bxe3+ 18. Qxe3 Qb6 19. c5 Qd8 20. a5 Qg5 0-1

[Event "Oberfranken Senioren-EM2009 26th"]
[Site "Bischofsgrün (5.6.-13.6)"]
[Date "2009.06.12"]
[Round "8.12"]
[White "Meyer, Thomas(52)"]
[Black "Theuermeister, Peter"]
[Result "0-1"]
[WhiteElo "1587"]
[BlackElo "1633"]
[PlyCount "64"]
[EventDate "2009.06.??"]
[EventType "swiss"]
[EventRounds "9"]
[WhiteTeam "Tübingen SV"]
[BlackTeam "Hof-PTSV SK"]

1. d4 Nf6 2. c4 g6 3. Nc3 d5 4. cxd5 Nxd5 5. e4 Nxc3 6. bxc3 Bg7 7. Bc4 c5 8.
Be3 Nc6 9. Ne2 O-O 10. O-O cxd4 11. cxd4 Na5 12. Bd3 b6 13. Rc1 Bb7 14. Qd2 Qd7
15. Bh6 Rac8 16. Bxg7 Kxg7 17. f4 e6 18. Qb2 Kg8 19. Bb5 Qe7 20. Bd3 Rfd8 21.
Rxc8 Rxc8 22. f5 exf5 23. e5 Nc6 24. Qd2 Nd8 25. Qh6 Qf8 26. Qh4 Ne6 27. Bxf5
gxf5 28. Rxf5 Qg7 29. g3 Rc4 30. Qe7 Rc7 31. Qh4 Rd7 32. Kf2 Ba6 0-1

[Event "Oberfranken Senioren-EM2009 26th"]
[Site "Bischofsgrün (5.6.-13.6)"]
[Date "2009.06.12"]
[Round "8.13"]
[White "Bullock, Alfred"]
[Black "Oser, Thor"]
[Result "1/2-1/2"]
[WhiteElo "1403"]
[BlackElo "1613"]
[PlyCount "30"]
[EventDate "2009.06.??"]
[EventType "swiss"]
[EventRounds "9"]
[WhiteTeam "ENG-Poole"]
[BlackTeam "Jöhlingen SK"]
[WhiteTeamCountry "ENG"]

1. b3 d5 2. Bb2 Nd7 3. Nf3 Ngf6 4. e3 g6 5. c4 e6 6. Nc3 c6 7. Qc2 Bg7 8. d4
Nb6 9. Bd3 a5 10. O-O O-O 11. a4 Re8 12. Ne5 Nfd7 13. f4 Nf8 14. Qf2 f5 15. c5
Nbd7 1/2-1/2

[Event "Oberfranken Senioren-EM2009 26th"]
[Site "Bischofsgrün (5.6.-13.6)"]
[Date "2009.06.12"]
[Round "8.14"]
[White "Weidmann, Hartmut"]
[Black "Froehling, Philippa"]
[Result "1-0"]
[WhiteElo "1649"]
[BlackElo "1259"]
[PlyCount "61"]
[EventDate "2009.06.??"]
[EventType "swiss"]
[EventRounds "9"]
[WhiteTeam "Kirchenlamitz SF"]
[BlackTeam "Bamberg-1868 SC"]

1. d4 d5 2. c4 c6 3. Nc3 dxc4 4. e3 b5 5. Qf3 Bb7 6. Nxb5 Nf6 7. Bxc4 Nd5 8.
Nc3 e6 9. Nge2 Ba6 10. Bxa6 Nxa6 11. O-O Nab4 12. e4 Ne7 13. Bg5 f6 14. Bh4 Ng6
15. Bg3 e5 16. d5 c5 17. Rac1 c4 18. Na4 Rc8 19. b3 Nxa2 20. Rxc4 Rxc4 21. bxc4
Nb4 22. Qh5 Nd3 23. f4 exf4 24. Nxf4 Ndxf4 25. Bxf4 Qa5 26. Qd1 Nxf4 27. Rxf4
Bc5+ 28. Kh1 Bd6 29. Rf5 Be5 30. c5 g6 31. Rf2 1-0

[Event "Oberfranken Senioren-EM2009 26th"]
[Site "Bischofsgrün (5.6.-13.6)"]
[Date "2009.06.12"]
[Round "8.15"]
[White "Gehlen, Peter"]
[Black "Wagner, Gerhard(50)"]
[Result "1/2-1/2"]
[WhiteElo "1389"]
[BlackElo "1560"]
[PlyCount "57"]
[EventDate "2009.06.??"]
[EventType "swiss"]
[EventRounds "9"]
[WhiteTeam "Untersiemau TSV"]
[BlackTeam "Windach Spf."]

1. e4 c5 2. Bc4 e6 3. Nf3 d6 4. h3 Nf6 5. Nc3 Nbd7 6. O-O Be7 7. d4 cxd4 8.
Nxd4 a6 9. Nf3 Qc7 10. Bd3 h6 11. Ne2 O-O 12. b3 Nc5 13. Ng3 Bd7 14. Re1 Rac8
15. e5 Nxd3 16. Qxd3 dxe5 17. Nxe5 Rfd8 18. c4 Bc5 19. Qc2 Bd4 20. Bb2 Bxb2 21.
Qxb2 b5 22. Rac1 bxc4 23. Nxc4 Qb8 24. Nd6 Rxc1 25. Qxc1 Nd5 26. Nde4 Rc8 27.
Qb2 Qb7 28. Nh5 f6 29. Qd4 1/2-1/2